| 000 | 00598nam a2200229Ia 4500 | ||
|---|---|---|---|
| 003 | OSt | ||
| 005 | 20250711184634.0 | ||
| 008 | 210423s2005 xx 000 0 und d | ||
| 020 | _a81223064318 | ||
| 040 | _cAL | ||
| 041 | _aEnglish | ||
| 082 |
_a070.4 _bROYB |
||
| 100 |
_aBarun Roy _977163 |
||
| 245 | _aBeginners guide to journalism | ||
| 260 |
_aNew Delhi _bAnmol Publications _c2005 |
||
| 300 |
_a152,8p. _bPB _c21.5x144cm. |
||
| 365 |
_b96 _cINR |
||
| 650 |
_aJournalism _977164 |
||
| 650 |
_aJournalism & Media _977165 |
||
| 906 | _aBeginners ; guide ; journalism | ||
| 942 |
_2ddc _cBK |
||
| 999 |
_c155736 _d155736 |
||